000
00310nam a2200133Ia 4500
100
_a
Shernman Philip M
942
_c
BK
654
_a
Digital Computers
245
_a
Programming & Coding Digital computers
260
_b
Wiley Eastern Pvt. Ltd.
_c
2001
082
_a
1.6
300
_a
444
546
_a
ENGLISH
999
_c
22263
_d
22263